| 000 | 00713cai a22001815a 4500 | ||
|---|---|---|---|
| 001 | L145871 | ||
| 008 | 081117u xxkabdog 000 0 eng d | ||
| 035 | _a(Sirsi) u145871 | ||
| 041 | 0 | _aeng | |
| 110 | 2 |
_aZillow _95652 |
|
| 245 | 0 | 0 |
_aZillow _h[electronic resource] |
| 520 | _aReal estate valuation and sales portal for the United States. Provides details of homes for sale, comparables and financing details. Also features guides on purchasing residential real estate and the property market in specific areas. | ||
| 590 | _aKA | ||
| 651 | 4 |
_aUnited States _y1959- |
|
| 690 | _aPROPERTY-PROPERTY AGENCY | ||
| 856 | 4 | 0 |
_uhttps://www.zillow.com/ _zView the website free of charge at www.zillow.com... |
| 942 | _n0 | ||
| 999 |
_c120733 _d120733 |
||